000 00495 a2200169 4500
003 OSt
005 20230916140907.0
008 230916b |||||||| |||| 00| 0 eng d
020 _a9781408855898
040 _coclc
082 _a823.914
_bROW/H
100 1 _aRowling, J. K.
_95383
245 _aHarry Potter and the philosopher's stone /
_cJ K Rowling
260 _aLondon:
_bBloomsbury,
_c2014.
300 _a331 p
942 _2ddc
_cBK
_h823.914
_iROW/H
_k823.914
_mROW/H
999 _c42202
_d42202